|
|
|
|
| LEADER |
01492nam a2200385 a 4500 |
| 001 |
000560099 |
| 003 |
CZ BrMZK |
| 005 |
20070316140309.0 |
| 007 |
ta |
| 008 |
000115s2001 xr e p cze d |
| 015 |
|
|
|a cnb000997833
|
| 020 |
|
|
|a 80-7194-328-2
|
| 035 |
|
|
|a (OCoLC)47951453
|
| 040 |
|
|
|a BOA001
|b cze
|
| 072 |
|
7 |
|a 517
|x Matematická analýza
|2 Konspekt
|9 13
|
| 072 |
|
7 |
|a 37.016
|x Učební osnovy. Vyučovací předměty. Učebnice
|2 Konspekt
|9 22
|
| 080 |
|
|
|a 517.91
|2 MRF
|
| 080 |
|
|
|a 517.3
|2 MRF
|
| 080 |
|
|
|a 517.2
|2 MRF
|
| 080 |
|
|
|a (075.8)
|2 MRF
|
| 100 |
1 |
|
|a Kolda, Stanislav,
|d 1930-1998
|7 jk01061315
|
| 245 |
1 |
0 |
|a Cvičebnice z matematiky II /
|c Stanislav Kolda, Ludmila Machačová, Otakar Prachař
|
| 250 |
|
|
|a Vyd. 7. nezm.
|
| 260 |
|
|
|a Pardubice :
|b Univerzita Pardubice,
|c 2001
|
| 300 |
|
|
|a 112 s. ;
|c 29 cm
|
| 650 |
0 |
7 |
|a obyčejné diferenciální rovnice
|7 ph123625
|x úlohy
|2 czenas
|
| 650 |
0 |
7 |
|a integrální počet funkcí více proměnných
|7 ph135784
|x úlohy
|2 czenas
|
| 650 |
0 |
7 |
|a diferenciální počet funkcí více proměnných
|7 ph135786
|x úlohy
|2 czenas
|
| 655 |
|
7 |
|a učebnice vysokých škol
|7 fd133772
|2 czenas
|
| 700 |
1 |
|
|a Machačová, Ludmila
|7 jn20001005605
|
| 700 |
1 |
|
|a Prachař, Otakar,
|d 1931-2014
|7 jk01100894
|4 aut
|
| 710 |
2 |
|
|a Univerzita Pardubice.
|b Katedra matematiky
|7 kn20020419012
|
| 910 |
|
|
|a BOA001
|b 4-1085.299
|
| 990 |
|
|
|a BK
|
| 996 |
6 |
|
|b 2610134667
|c 4-1085.299
|l MZK
|r Sklad / do 1 hodiny
|n 0
|p p.v.
|w 000560099
|u 000010
|a 1
|e BOA001
|j MZK50
|s P
|